| 000 | 01265nam0a2200337 4500 | ||
|---|---|---|---|
| 001 | RU\NLR\BIBL_A\012741619 | ||
| 005 | 20250624140335.0 | ||
| 010 |
_a978-5-907379-61-9 _92000 |
||
| 021 |
_aRU _b2021-48044 _9КН-П-6670 _2дс |
||
| 035 | _a(RuMoRGB)010742894 | ||
| 035 | _a(NLR Aleph) 012741619 | ||
| 090 |
_a13004274 _c13004274 |
||
| 100 | _a20220325d2021 |||y0rusy50 ca | ||
| 101 | 0 | _arus | |
| 102 | _aRU | ||
| 105 | _aac z 000zy | ||
| 181 | 0 |
_ai _baxxe |
|
| 182 | 0 | _an | |
| 200 | 1 |
_aЕврейский Христос _fИлья Кумранский |
|
| 203 |
_aТекст _bвизуальный _cнепосредственный |
||
| 210 |
_aАстрахань _cОбщенациональная ассоциация молодых музыкантов, поэтов и прозаиков _d2021 |
||
| 215 |
_a87 с. _cил.,цв. ил., портр. _d21 |
||
| 320 | _aБиблиогр.: с. 86 | ||
| 333 | _a16+ | ||
| 605 |
_aБиблия _xИсследование текста _xОригинальные теории _92319091 _3RU\NLR\AUTH\661387492 |
||
| 686 | 1 | _aЭ37-200.2я9 | |
| 700 | 1 |
_aКумранский _bИ. _f1979- _gИлья |
|
| 942 | _cBOOK | ||
| 980 | _aNB | ||